[Event "Crawley e2e4 Gatwick op U1850"]
[Site "Crawley"]
[Date "2016.05.28"]
[Round "2"]
[White "Fisher, Neal"]
[Black "Neale, George"]
[Result "0-1"]
[WhiteElo "1385"]
[BlackElo "1622"]
[PlyCount "94"]
[EventDate "2016.05.27"]
[EventType "swiss"]
[EventRounds "7"]
[EventCountry "ENG"]
[SourceTitle "EXT 2019"]
[Source "ChessBase"]
[SourceDate "2018.10.10"]
[SourceVersion "1"]
[SourceVersionDate "2018.10.10"]
[SourceQuality "1"]

1. e4 e5 2. Nf3 Nf6 3. Nc3 Nc6 4. Bc4 Bc5 5. 0-0 d6 6. h3 a6 7. a3 Be6 8. Be2 Qd7 9. Ng5 Nd4 10. Bd3 d5 11. Nxe6 fxe6 12. Kh1 Qc6 13. Qe1 Qd6 14. b4 Ba7 15. Bb2 0-0 16. exd5 exd5 17. Qd1 e4 18. Be2 Qf4 19. Rc1 Rad8 20. Na4 Nxe2 21. Qxe2 b5 22. Nc5 Bxc5 23. bxc5 d4 24. c3 d3 25. Qe3 Nd5 26. Qxf4 Nxf4 27. Ra1 Ne2 28. a4 bxa4 29. Rxa4 Ng3+ 30. fxg3 Rxf1+ 31. Kh2 Rb8 32. Ba3 Rbb1 33. g4 e3 34. dxe3 d2 35. Rxa6 d1Q 36. Ra8+ Kf7 37. c6 Rh1+ 38. Kg3 Qe1+ 39. Kf4 Rf1+ 40. Ke4 Qxc3 41. Rf8+ Kg6 42. Rxf1 Rxf1 43. Be7 Qxc6+ 44. Kd3 Qd7+ 45. Ke2 Qxe7 46. Kxf1 Qxe3 47. h4 c5 0-1

[Event "BCF-ch U12"]
[Site "Coventry"]
[Date "2015.08.02"]
[Round "2"]
[White "Neale, George"]
[Black "Munshi, Aditya"]
[Result "1-0"]
[WhiteElo "117"]
[BlackElo "1656"]
[PlyCount "67"]
[EventDate "2015.08.02"]
[EventType "swiss"]
[EventRounds "7"]
[EventCountry "ENG"]
[SourceTitle "CBM 167 Extra"]
[Source "ChessBase"]
[SourceDate "2015.09.14"]
[SourceVersion "1"]
[SourceVersionDate "2015.09.14"]
[SourceQuality "1"]

1. d4 e6 2. Nf3 Nf6 3. g3 b6 4. Bg2 Bb7 5. 0-0 Be7 6. c4 d6 7. Nc3 Nbd7 8. Qc2 0-0 9. Re1 c5 10. e4 cxd4 11. Nxd4 Ne5 12. b3 Rc8 13. Ba3 a6 14. Rad1 Qc7 15. Qd2 Rfd8 16. Nce2 Nxe4 17. Bxe4 Bxe4 18. Nf4 Ba8 19. Kf1 Qd7 20. Qb4 Qb7 21. h4 Ng4 22. f3 e5 23. Nd5 Nf6 24. Nxe7+ Qxe7 25. Qxb6 Qd7 26. Ne2 Qh3+ 27. Kf2 Qf5 28. Ng1 d5 29. Bb2 d4 30. Kg2 e4 31. Rxd4 exf3+ 32. Kf1 Rxd4 33. Qxd4 Qh3+ 34. Nxh3 1-0